01364nam a2200289 i 4500001000700000003000700007005001700014008004100031020001800072080002000090100003200110245008200142246002000224260003400244300002200278490004900300500001800349504003000367546005000397594030200447700003700749700003600786830005700822852005300879999001900932952012300951186010SpMaBN20230906222549.0160902s1985 sp |||| |dspa d a84-7162-679-9 a821.124-15"-00"1 aLucrecio Caro, Tito.97460410aDe la naturaleza / cT. Lucrecio Caro b= De rerum natura / T. Lucretii Cari.31aDe rerum natura aBarcelona : bBosch, c[1985] a601 p. ; c19 cm.1 aErasmo, textos bilingües. aTextos latinos aCronología. aBibliografía: p. 63-70. aTexto en latín y traducción en español. aEn port.: "La presente obra, homenaje póstumo al humanista Eduard Valentí Fiol, ha sido preparada... y revisada según anotaciones, correcciones y comentarios a la edición, introducción y traducción y notas de su "Lucrecio, De la Naturaleza" (1961), por José-Ignacio Ciruelo Borge..."1 aValentí Fiol, Eduardo.91126001 aCiruelo, José-Ignacio.9389040 aErasmo, textos bilingües. aTextos latinos9225327 aES-MaACLjL-30611 z. - Donat. Miguel A. Velasco c186010d186010 00104070aATENEOMbATENEOMcDEPO2d2016-09-02eDONl0oL-30611p1196103r2023-02-23 00:00:00w2023-02-23yMONOGRAFIA